Normal view
MARC view
Entry Topical Term
001 - CONTROL NUMBER
- control field: 14805
003 - CONTROL NUMBER IDENTIFIER
- control field: HDC
005 - DATE AND TIME OF LATEST TRANSACTION
- control field: 20230624073436.0
008 - FIXED-LENGTH DATA ELEMENTS
- fixed length control field: 210214|| aca||aabn | a|a d
040 ## - CATALOGING SOURCE
- Original cataloging agency: HDC
- Transcribing agency: HDC
150 ## - HEADING--TOPICAL TERM
- Topical term or geographic name entry element: Halal food industry
- General subdivision: Certification
- Geographic subdivision: Indonesia
- Geographic subdivision: Malaysia
670 ## - SOURCE DATA FOUND
- Source citation: Work cat.: (HDC): 8491, THE THIRD MALAYSIA-INDONESIA JOINT TRADE AND INVESTMENT COMMITTEE (JTIC) MEETING, [no date]
